Parliament Square (Record no. 116309)

MARC details
000 -LEADER
fixed length control field 00524cam a22001935a 4500
001 - CONTROL NUMBER
control field L140337
008 - FIXED-LENGTH DATA ELEMENTS--GENERAL INFORMATION
fixed length control field 070919n xxk eng u
035 ## - SYSTEM CONTROL NUMBER
System control number (Sirsi) u140337
041 0# - LANGUAGE CODE
Language code of text/sound track or separate title eng
245 00 - TITLE STATEMENT
Title Parliament Square
Remainder of title proposed layout
Medium [manuscript]
255 ## - CARTOGRAPHIC MATHEMATICAL DATA
Statement of scale Scale 1:1200
260 ## - PUBLICATION, DISTRIBUTION, ETC.
Place of publication, distribution, etc. S.l.
Name of publisher, distributor, etc. s.n.
Date of publication, distribution, etc. n.d
300 ## - PHYSICAL DESCRIPTION
Extent 1 plan
Other physical details blueline
Dimensions 37 x 29 cm.
351 ## - ORGANIZATION AND ARRANGEMENT OF MATERIALS
Hierarchical level Single item
500 ## - GENERAL NOTE
General note A plan showing a proposed layout of Parliament Square.
651 4# - SUBJECT ADDED ENTRY--GEOGRAPHIC NAME
Geographic name London
690 ## - LOCAL SUBJECT ADDED ENTRY--TOPICAL TERM (OCLC, RLIN)
Topical term or geographic name as entry element BUILT ENVIRONMENT
942 ## - ADDED ENTRY ELEMENTS (KOHA)
Suppress in OPAC 0
Holdings
Withdrawn status Lost status Source of classification or shelving scheme Damaged status Not for loan Home library Current library Shelving location Date acquired Total Checkouts Full call number Barcode Date last seen Copy number Price effective from Koha item type
    Dewey Decimal Classification     Historic collection Historic collection Historic collection 19/09/2007   MAP CABINET DRAWER 8 140337-2001 06/08/2019 1 06/08/2019 Archive